Queda la Música. / (Registro nro. 7690)

Detalles MARC
000 -LEADER
fixed length control field 00866nam a2200265 a 4500
001 - CONTROL NUMBER
control field 000042400
003 - CONTROL NUMBER IDENTIFIER
control field DO-SdBNP
005 - DATE AND TIME OF LATEST TRANSACTION
control field 20160905095601.0
007 - PHYSICAL DESCRIPTION FIXED FIELD--GENERAL INFORMATION
fixed length control field 000042400
008 - FIXED-LENGTH DATA ELEMENTS--GENERAL INFORMATION
fixed length control field 131128s2003 xxu 000 0 spa d
020 ## - INTERNATIONAL STANDARD BOOK NUMBER
International Standard Book Number 0970191359
040 ## - CATALOGING SOURCE
Original cataloging agency BPMET
Language of cataloging spa
Transcribing agency BPMET
100 1# - MAIN ENTRY--PERSONAL NAME
Personal name Rodríguez Soriano, René
245 10 - TITLE STATEMENT
Title Queda la Música. /
Statement of responsibility, etc. René Rodríguez Soriano.
260 ## - PUBLICATION, DISTRIBUTION, ETC. (IMPRINT)
Place of publication, distribution, etc. Estados Unidos de América, :
Name of publisher, distributor, etc. Ediciones Baquiana,
Date of publication, distribution, etc. 2003.
300 ## - PHYSICAL DESCRIPTION
Extent 75 p. ;
Dimensions 22 cm.
490 1# - SERIES STATEMENT
Series statement Senderos de la narrativa
500 ## - GENERAL NOTE
General note Incluye datos biografícos del autor en la solapa de la cubierta
830 #0 - SERIES ADDED ENTRY--UNIFORM TITLE
Uniform title Senderos de la narrativa
930 #1 - EQUIVALENCE OR CROSS-REFERENCE-UNIFORM TITLE HEADING [LOCAL, CANADA]
Language of a work BND01
Medium of performance for music LF1
Field link and sequence number 20131128
Date of a work 01
Name of part/section of a work CT
Miscellaneous information 42231
942 ## - ADDED ENTRY ELEMENTS (KOHA)
Source of classification or shelving scheme Dewey Decimal Classification
Koha item type Libros
956 ## - LOCAL ELECTRONIC LOCATION AND ACCESS (OCLC)
Host name YLOCKWARD
Access number 10
Compression information 20140307
Logon BND01
Processor of request 0950
956 ## - LOCAL ELECTRONIC LOCATION AND ACCESS (OCLC)
Host name VMATEO
Access number 10
Compression information 20150424
Logon BND01
Processor of request 00151
956 ## - LOCAL ELECTRONIC LOCATION AND ACCESS (OCLC)
Host name VMATEO
Access number 10
Compression information 20150716
Logon BPMSU
Processor of request 00151
Existencias
Withdrawn status Lost status Source of classification or shelving scheme Damaged status Not for loan Collection code Home library Current library Date acquired Source of acquisition Total Checkouts Barcode Date last seen Price effective from Koha item type Copy number
    Dewey Decimal Classification       Biblioteca Pública Metropolitana Salomé Ureña Biblioteca Pública Metropolitana Salomé Ureña 04/24/2015 Donación   BPMSU15040019 04/24/2015 04/24/2015 Libros  
    Dewey Decimal Classification       Biblioteca Pública Metropolitana Salomé Ureña Biblioteca Pública Metropolitana Salomé Ureña 09/05/2016 Donación   BPMSU16090109 09/05/2016 09/05/2016 Libros ej. 2